Estadísticas para Capitales con los Nombres más Cortos

Haz click aquí para intentar la prueba.

Estadísticas generales

  • Esta prueba ha sido intentada 3.039 veces
    (3.036 desde el último reinicio)
  • La puntuación promedio es 24 de 44

Estadísticas de respuestas

letrascapital% Correcto
Europa5París
85%
Europa4Roma
85%
Américas4Lima
84%
Europa4Oslo
84%
Américas5Quito
75%
Asia5Tokio
75%
Europa4Riga
74%
Europa4Kiev
73%
Europa5Moscú
73%
Asia5Pekín
69%
Europa5Berna
68%
Asia4Seúl
66%
Europa5Viena
66%
Américas5Sucre/La Paz
65%
Europa5Minsk
64%
Europa5Praga
63%
Europa5Vilna
63%
África5Rabat
60%
Europa5Sofía
57%
Europa5Vaduz
56%
Asia4Riad
55%
África5Túnez
55%
África5Argel
54%
Asia4Doha
52%
Asia4Daca
51%
África5Dakar
49%
Asia4Bakú
48%
Asia4Saná
46%
Asia4Amán
44%
Asia5Hanói
44%
África4Acra
43%
Asia4Dili
42%
África4Lomé
42%
Oceania4Suva
41%
Asia4Malé
37%
Oceania4Apia
36%
Asia5Kabul
36%
África4Yuba
31%
Asia5Timbu
30%
África5Abuya
29%
África5Praia
28%
Oceania5Yaren
25%
Américas5Nasáu
24%
África5Bisáu
21%

Distribución de puntuación

Porcentaje por número respondido

Porcentaje de gente con cada puntuación

Historial de tus puntuaciones

No has intentado esta prueba desde el último reinicio